MK8DX 150cc DS Peach Gardens WR Holders - Statistics

General Stats
  • This quiz has been taken 3 times
  • The average score is 3 of 8
Answer Stats
Date Nation Player % Correct
2022-12-22 🇪🇸 Alberto
100%
2022-12-08 🇫🇷 Army
100%
2023-02-10 🇦🇺 Panda
100%
2022-12-07 🇳🇱 Danny
33%
2022-12-07 🇯🇵 ラス
0%
2022-12-07 🇯🇵 Kz
0%
2022-12-08 🇫🇷 Power
0%
2022-12-08 🇫🇷 Swift
0%
No matching quizzes found
Score Distribution
Percent of People with Each Score
Percentile by Number Answered
Your Score History
You have not taken this quiz